MUSLIM IDENTITY AND COMMUNITY CONSCIOUSNESS. (Record no. 716629)

MARC details
000 -LEADER
fixed length control field 00573nam a2200181Ia 4500
008 - FIXED-LENGTH DATA ELEMENTS--GENERAL INFORMATION
fixed length control field 100920s9999 xx 000 0 und d
082 ## - DEWEY DECIMAL CLASSIFICATION NUMBER
Item number 75087
Classification number 11 थ 93
100 ## - MAIN ENTRY--PERSONAL NAME
Personal name CHAKRABARTI ASIM PADA.
245 ## - TITLE STATEMENT
Title MUSLIM IDENTITY AND COMMUNITY CONSCIOUSNESS.
260 ## - PUBLICATION, DISTRIBUTION, ETC. (IMPRINT)
Name of publisher, distributor, etc MINERVA ASSOCIATES PUB. PVT. LTD .
Date of publication, distribution, etc 1993
300 ## - PHYSICAL DESCRIPTION
Extent 224
Other physical details साधी
365 ## - TRADE PRICE
Price amount 240
520 ## - SUMMARY, ETC.
Summary, etc एच.पी.बी.
630 ## - SUBJECT ADDED ENTRY--UNIFORM TITLE
Uniform title MUSLIM IDENTITY AND COMMUNITY CONSCIOUSNESS.
650 ## - SUBJECT ADDED ENTRY--TOPICAL TERM
Topical term or geographic name as entry element एच.पी.बी.
730 ## - ADDED ENTRY--UNIFORM TITLE
Uniform title MUSLIM IDENTITY AND COMMUNITY CONSCIOUSNESS.
942 ## - ADDED ENTRY ELEMENTS (KOHA)
Koha item type Book
Holdings
Withdrawn status Lost status Damaged status Not for loan Home library Current library Shelving location Date acquired Cost, normal purchase price Total Checkouts Barcode Date last seen Price effective from Koha item type Public note
        Shri Chhatrapati Pratapsinh Maharaj ( Thorle) Nagar Vachanalaya, Satara Shri Chhatrapati Pratapsinh Maharaj ( Thorle) Nagar Vachanalaya, Satara     240.00   SATVAC-75087 09/20/2010 09/20/2010 Book देवघेव